[Event "17th Hampstead: U2200"]
[Site "Hampstead"]
[Date "2014.04.12"]
[Round "3"]
[White "Prior, Stephen"]
[Black "Mitchell, Robert"]
[Result "1-0"]
[WhiteElo "2052"]
[BlackElo "1640"]

1. e4 d5 2. exd5 Qxd5 3. Nc3 Qd6 4. d4 Nf6 5. Nf3 Bg4 6. Be2 a6 7. Be3 Nc6 8.
Qd2 e6 9. O-O-O O-O-O 10. h3 Bxf3 11. Bxf3 Nd5 12. Nxd5 exd5 13. Rhe1 g6 14.
Bf4 Qb4 15. c3 Qa5 16. Bg5 Bg7 17. Bxd8 Nxd8 18. Kb1 h5 19. g4 Ne6 20. gxh5
gxh5 21. Rg1 c6 22. Rde1 Bh6 23. Qd3 Qb5 24. Qxb5 axb5 25. Bxh5 Bd2 26. Re5
Nf4 27. Bxf7 Nd3 28. Re8+ Rxe8 29. Bxe8 Kc7 30. Rd1 {#r} 1-0

[Event "17th Hampstead: U2200"]
[Site "Hampstead"]
[Date "2014.04.12"]
[Round "3"]
[White "Rogers, Tim"]
[Black "Cadart, Antoine"]
[Result "1-0"]
[WhiteElo "1968"]
[BlackElo "1630"]

1. e4 e5 2. Nf3 Nc6 3. Bb5 a6 4. Ba4 b5 5. Bb3 d6 6. O-O Nf6 7. c3 Be7 8. h3
O-O 9. d4 Bb7 10. Re1 Na5 11. Bc2 c5 12. dxe5 dxe5 13. Qxd8 Raxd8 14. Nbd2 Bd6
15. Nf1 h6 16. Ng3 Bc7 17. Be3 c4 18. Bc5 Rfe8 19. Nf5 Ba8 20. Be7 Rd7 21.
Bxf6 gxf6 22. Nxh6+ Kh7 23. Nf5 Nb7 24. Rad1 Red8 25. Rxd7 Rxd7 26. Ne3 Nc5
27. Nd5 Bd8 28. Rd1 Kg7 29. Nh4 Bb7 30. f3 Ne6 31. Nf5+ Kh8 32. Nfe3 Nc7 33.
Nxc7 Rxd1+ 34. Bxd1 Bxc7 35. Kf2 Bb6 36. Ke2 Bc8 37. b3 cxb3 38. Bxb3 Kg7 39.
Kd3 Kg6 40. Nd5 Bd8 41. Nb4 Bb7 42. Bd5 Bc8 43. Nc6 {#r} 1-0

[Event "17th Hampstead: U2200"]
[Site "Hampstead"]
[Date "2014.04.12"]
[Round "3"]
[White "Farzaliyev, Kanan"]
[Black "Rubandhas, R Samprabhu"]
[Result "1-0"]
[WhiteElo "1924"]
[BlackElo "1675"]

1. e4 e6 2. d4 d5 3. Nc3 dxe4 4. Nxe4 Nd7 5. Nf3 Ngf6 6. Bg5 c5 7. dxc5 Qa5+
8. Bd2 Qc7 9. Nd6+ Bxd6 10. cxd6 Qxd6 11. Be2 b6 12. O-O O-O 13. Bc3 Qxd1 14.
Raxd1 Bb7 15. Ne5 Nc5 16. b4 Nce4 17. Bb2 Nd5 18. Bf3 f5 19. a3 Rfd8 20. Bxe4
fxe4 21. c4 Nf4 22. f3 e3 23. Rfe1 e2 24. Rd4 Rxd4 25. Bxd4 Rd8 26. Bc3 Rd1
27. Kf2 Rxe1 28. Bxe1 Kf8 29. g3 Nh3+ 30. Kxe2 Ke7 31. f4 g5 32. Ke3 Kf6 33.
Bc3 Kf5 34. g4+ Kf6 35. fxg5+ Kxg5 36. c5 b5 37. c6 Bc8 38. Nf7+ Kxg4 39. Nd6
Ba6 40. c7 Nf4 41. c8=Q Bxc8 42. Nxc8 Nd5+ 43. Kd4 Nxc3 44. Kxc3 a6 45. Kd3
Kf4 46. Nd6 Ke5 47. Ne4 a5 48. Nc5 Kd5 49. Na6 e5 50. Nc7+ Kc6 51. Nxb5 Kxb5
52. Ke4 Ka4 53. Kxe5 Kxa3 54. b5 Kb4 55. b6 {#r} 1-0

[Event "17th Hampstead: U2200"]
[Site "Hampstead"]
[Date "2014.04.12"]
[Round "3"]
[White "Ivanov, George"]
[Black "Jekel, Wolfgang"]
[Result "1/2-1/2"]
[WhiteElo "1701"]
[BlackElo "1809"]

1. e4 d5 2. exd5 Qxd5 3. Nc3 Qd6 4. d4 Nf6 5. Bd3 c6 6. Nge2 Bg4 7. f3 Bh5 8.
O-O e6 9. Bf4 Qd8 10. Ne4 Be7 11. c3 Nd5 12. Bd2 Nd7 13. Qe1 N7f6 14. Qg3 Bg6
15. Nxf6+ Nxf6 16. Bxg6 hxg6 17. Rae1 Nd5 18. Qg4 Nf6 19. Qg3 Bd6 20. Nf4 Nh5
21. Qg4 Nxf4 22. Bxf4 Rh4 23. Bg5 Rxg4 24. Bxd8 Rf4 25. Bg5 Rf5 26. Bd2 Rh5
27. f4 Kd7 28. Re2 Rah8 29. g3 Kc7 30. Be1 Be7 31. g4 Rh3 32. f5 gxf5 33. gxf5
Bd6 34. fxe6 Bxh2+ 35. Rxh2 Rxh2 36. Bg3+ Kd8 37. Bxh2 fxe6 38. Be5 Ke7 39.
Rf2 Rh7 40. Rg2 Kf7 41. Kf2 g6 42. Ke3 Rh3+ 43. Rg3 Rh1 44. Rf3+ Ke7 45. Bf6+
Kd7 46. Rf2 Kd6 47. Rg2 b6 48. Rxg6 Kd5 49. Rg5+ Kc4 50. Rg2 Rh3+ 51. Ke4 a5
52. b3+ Kb5 53. c4+ Ka6 54. Ke5 c5 55. dxc5 bxc5 56. Kxe6 a4 57. Rb2 axb3 58.
axb3 Kb6 59. Kd5 Rd3+ 60. Ke4 Rh3 61. Rd2 Ka5 62. Rd3 Rh6 63. Ke5 Kb4 64. Be7
Rh5+ 65. Kd6 Rh6+ 66. Kc7 Rg6 67. Bd6 Rh6 68. Rd5 Kxb3 69. Rxc5 Rh4 {#d}
1/2-1/2

[Event "17th Hampstead: U2200"]
[Site "Hampstead"]
[Date "2014.04.12"]
[Round "3"]
[White "Jain, Gautam"]
[Black "Carter, John"]
[Result "0-1"]
[WhiteElo "1678"]
[BlackElo "1755"]

1. e4 e5 2. Nf3 Nc6 3. Bb5 Nf6 4. Qe2 Bc5 5. c3 d6 6. d4 exd4 7. cxd4 Bb4+ 8.
Bd2 Bxd2+ 9. Nbxd2 O-O 10. O-O Bg4 11. Bxc6 bxc6 12. Rfe1 Re8 13. Qd3 Qd7 14.
Nf1 d5 15. e5 Ne4 16. Ne3 Bxf3 17. gxf3 Ng5 18. Nf1 Nh3+ 19. Kg2 Nf4+ {#R} 0-1

[Event "17th Hampstead: U2200"]
[Site "Hampstead"]
[Date "2014.04.12"]
[Round "3"]
[White "Anbukumar, Hajane"]
[Black "Pattni, Kishan"]
[Result "1-0"]
[WhiteElo "1648"]
[BlackElo "1732"]

1. d4 f5 2. Nf3 Nf6 3. g3 e6 4. Bg2 d6 5. O-O Be7 6. c4 O-O 7. Nc3 Qe8 8. Qc2
a5 9. b3 Nc6 10. a3 e5 11. e3 Qh5 12. Nd5 Bd8 13. dxe5 dxe5 14. Bb2 e4 15. Nd4
Nxd5 16. cxd5 Ne5 17. Qd1 Qf7 18. Nb5 Nd3 19. Bd4 Qxd5 20. Nc3 Qf7 21. Nxe4
fxe4 22. Bxe4 Nxf2 23. Qc2 Nh3+ 24. Kg2 Bf6 25. Bxh7+ Kh8 26. Bg6 Qd5+ 27. Be4
Qd8 28. Bc5 Rf7 29. Rad1 Qe8 30. Bg6 Qc6+ 31. Be4 Qa6 32. Rd8+ Bxd8 33. Rxf7
Be7 34. Rxe7 Bg4 35. Bd4 Rg8 36. Bd5 Ng5 37. Bxg7+ {#r} 1-0

[Event "17th Hampstead: U2200"]
[Site "Hampstead"]
[Date "2014.04.12"]
[Round "3"]
[White "Gladstone, Joel"]
[Black "Zhou, Yang-Jian"]
[Result "0-1"]
[WhiteElo "1637"]
[BlackElo "1730"]

1. d4 Nf6 2. c4 g6 3. Nc3 Bg7 4. Nf3 d6 5. Bg5 O-O 6. h3 c5 7. dxc5 dxc5 8.
Qxd8 Rxd8 9. e3 Nc6 10. a3 Bf5 11. Be2 Ne4 12. Na4 Nxg5 13. Nxg5 Bc2 14. Bd1
Bxa4 15. Bxa4 Bxb2 16. Rb1 Bc3+ 17. Ke2 Rd2+ 18. Kf3 Ne5+ 19. Kg3 Nxc4 20. Ne4
Rd3 21. Rhc1 Be5+ 22. Kh4 Nd2 23. Nxd2 Rxd2 24. Rxc5 Bd6 25. Rc3 Rxf2 26. g4
Kg7 27. e4 f6 28. Rxb7 Kh6 {#R} 0-1

[Event "17th Hampstead: U2200"]
[Site "Hampstead"]
[Date "2014.04.12"]
[Round "3"]
[White "Samadov, Samir"]
[Black "Davies, Cledwyn"]
[Result "0-1"]
[WhiteElo "1624"]
[BlackElo "1727"]

1. e4 d5 2. exd5 Qxd5 3. Nc3 Qd8 4. d4 Nf6 5. Nf3 Bg4 6. Bf4 c6 7. Bc4 e6 8.
Be5 Bb4 9. Qd2 Ne4 10. Qe3 Nf6 11. Qg5 Bxf3 12. gxf3 Nbd7 13. Qxg7 Rg8 14. Qh6
Qa5 15. Qe3 O-O-O 16. Bxf6 Nxf6 17. a3 Nd5 18. Kd2 Bxc3+ 19. bxc3 Nxe3 20.
fxe3 Rg2+ 21. Be2 Qb5 22. Rhe1 Qh5 23. Kd1 Qxh2 24. Kd2 Rdg8 25. Kd3 Rg1 26.
Bf1 R8g3 27. Re2 Qh5 28. Rae1 Qxf3 29. Bh3 Rxe1 30. Bxe6+ fxe6 31. Rxe1 Qf5+
32. Kd2 Rg2+ 33. Kd1 Qxc2# 0-1

[Event "17th Hampstead: U2200"]
[Site "Hampstead"]
[Date "2014.04.12"]
[Round "3"]
[White "Karia, Rishul"]
[Black "Ratnesan, Ranesh"]
[Result "1-0"]
[WhiteElo "1408"]
[BlackElo "1487"]

1. e4 e5 2. Nf3 Nc6 3. Bc4 Bc5 4. b4 Bxb4 5. c3 Bc5 6. d4 exd4 7. cxd4 Bb4+ 8.
Bd2 Bxd2+ 9. Nbxd2 Nge7 10. O-O O-O 11. Re1 d5 12. exd5 Nxd5 13. h3 b6 14. Qc2
Bb7 15. Ne4 Nf6 16. Bd3 h6 17. Rad1 Rc8 18. a3 Nxd4 19. Nxf6+ Qxf6 20. Nxd4 c5
21. Nb5 c4 22. Bh7+ Kh8 23. Bf5 Rcd8 24. Rxd8 Rxd8 25. Be4 Qe7 26. Re2 Re8 27.
Bf3 Qd7 28. Rxe8+ Qxe8 29. Qxc4 Qe1+ 30. Qf1 Qxf1+ 31. Kxf1 Bxf3 32. gxf3 a6
33. Nc7 a5 34. a4 Kh7 35. Nd5 Kg6 36. Nxb6 Kf6 37. Nc4 Ke6 38. Nxa5 Kd6 39.
Nc4+ Kc5 40. Ne5 f6 41. Ng4 Kb4 42. Ke2 Kxa4 43. Ke3 Kb5 44. Ke4 Kc5 45. Kf5
Kd5 46. Kg6 Ke6 47. Kxg7 h5 48. Nxf6 Kf5 49. Nxh5 Kg5 50. f4+ Kf5 51. Ng3+
Kxf4 52. h4 Kg4 53. h5 Kg5 54. h6 Kg4 55. h7 Kf3 56. h8=Q Kg2 57. Qh1+ Kxf2
58. Qf1+ Ke3 59. Qe2+ Kd4 60. Qe4+ Kc5 61. Qd3 Kc6 62. Kf7 Kc5 63. Ke6 Kc6 64.
Qc4+ Kb6 65. Kd7 Ka5 66. Qb3 Ka6 67. Kc6 Ka5 68. Qb5# 1-0

[Event "17th Hampstead: U2200"]
[Site "Hampstead"]
[Date "2014.04.12"]
[Round "3"]
[White "Rabain, Melvyn"]
[Black "Ungaro, Fabio"]
[Result "0-1"]
[WhiteElo "1345"]
[BlackElo "1705"]

1. e4 c5 2. d3 Nc6 3. Nf3 d6 4. d4 cxd4 5. Nxd4 Nf6 6. Nc3 g6 7. Bb5 Bd7 8.
Bc4 Bg7 9. O-O O-O 10. Nf3 Rc8 11. a3 a6 12. Ba2 b5 13. Re1 Na5 14. Bg5 Nc4
15. Qc1 Be6 16. b3 Nb6 17. Nd1 Nfd7 18. Rb1 Nc5 19. Bh6 Nd3 20. Qd2 Nxe1 21.
Nxe1 Qc7 22. Bxg7 Kxg7 23. h4 Na4 24. Rc1 Nc3 25. Bb1 Nxe4 26. Qe3 Nf6 27. Nf3
Qc5 28. b4 Qxe3 29. Nxe3 Nd5 30. Nf1 Nc3 31. Ng3 Rc7 32. h5 Rfc8 33. hxg6 hxg6
34. Re1 Nxb1 35. Rxb1 Rxc2 36. Kh2 Rxf2 37. Ne4 Ra2 38. Kg3 Bf5 39. Re1 Rcc2
40. Ned2 Rxd2 41. Nxd2 Rxd2 42. Rxe7 Ra2 43. Re3 d5 44. Kf4 d4 45. Kg3 dxe3
{#R} 0-1

[Event "17th Hampstead: U2200"]
[Site "Hampstead"]
[Date "2014.04.12"]
[Round "3"]
[White "Hung, Dylan"]
[Black "Nair, Lathish"]
[Result "1-0"]
[WhiteElo "1547"]
[BlackElo "1600"]

1. c4 e5 2. g3 Nf6 3. Bg2 Bc5 4. Nc3 Nc6 5. e3 d6 6. Nge2 O-O 7. O-O Be6 8. d4
exd4 9. exd4 Nxd4 10. Nxd4 Bxc4 11. Re1 c6 12. Nb3 Bb6 13. Bg5 h6 14. Bf4 Bc7
15. Ne4 Nxe4 16. Rxe4 Be6 17. Rd4 Bxb3 18. Qxb3 d5 19. Bxc7 Qxc7 20. Re1 Rae8
21. Rc1 Qb6 22. Qxb6 axb6 23. Rb4 b5 24. Rc5 Re1+ 25. Bf1 Ra1 26. a3 Re8 27.
Kg2 g6 28. Bxb5 cxb5 29. Rxd5 Re2 30. Rdxb5 Rd1 31. Rf4 Re7 32. Rbb4 Kf8 33.
Rbd4 Rxd4 34. Rxd4 b5 35. Rb4 Re5 36. a4 bxa4 37. Rxa4 Rb5 38. b4 Ke7 39. Kf3
Ke6 40. Ke4 Rb6 41. h3 f5+ 42. Kd4 g5 43. Kc5 Rd6 44. Ra2 Rd5+ 45. Kc6 Rd6+
46. Kb5 Rd5+ 47. Ka4 Rd8 48. b5 Ra8+ 49. Kb3 Rb8 50. Kc4 Kd7 51. Kc5 f4 52.
Ra7+ Ke8 53. b6 Rc8+ 54. Kd6 Rc1 55. Ra8+ Kf7 56. b7 Rb1 57. b8=Q Rxb8 58.
Rxb8 fxg3 59. fxg3 Kg6 60. g4 Kf6 61. Rf8+ Kg7 62. Ke7 Kh7 63. Rf6 Kg7 64. Ke6
Kh7 65. Kf7 h5 66. gxh5 Kh8 67. Rh6# 1-0

[Event "17th Hampstead: U2200"]
[Site "Hampstead"]
[Date "2014.04.12"]
[Round "3"]
[White "Ivanov, Elizabeth"]
[Black "Balouka Myers, Gabriel"]
[Result "1/2-1/2"]
[WhiteElo "1592"]
[BlackElo "1572"]

1. e4 c6 2. d4 d5 3. exd5 cxd5 4. Bd3 Nf6 5. c3 Nc6 6. Ne2 Bg4 7. h3 Bh5 8.
Bf4 e6 9. Qc2 Be7 10. O-O O-O 11. Bg5 h6 12. Bxf6 Bxe2 13. Qxe2 Bxf6 14. Bc2
a6 15. Qd3 g6 16. Nd2 b5 17. a3 Na5 18. Nf3 Qc7 19. Rfe1 Nc4 20. Ra2 Rac8 21.
Qe2 a5 22. Bd3 Be7 {#d} 1/2-1/2

[Event "17th Hampstead: U2200"]
[Site "Hampstead"]
[Date "2014.04.12"]
[Round "3"]
[White "Jina, Asha"]
[Black "Karia, Kamlesh"]
[Result "1/2-1/2"]
[WhiteElo "1528"]
[BlackElo "1587"]

1. e4 e5 2. Nf3 Nc6 3. Bb5 Nge7 4. d3 g6 5. O-O Bg7 6. c3 h6 7. Nbd2 a6 8. Ba4
b5 9. Bb3 d6 10. Re1 Bg4 11. Nf1 Qd7 12. Ng3 h5 13. h3 h4 14. Nf1 Bh5 15. Bg5
f6 16. Be3 g5 17. N1h2 Ng6 18. Bd5 Rb8 19. d4 Nce7 20. Qb3 Nxd5 21. Qxd5 Nf4
22. Bxf4 gxf4 23. dxe5 fxe5 24. Qd3 Bf6 25. a4 Rg8 26. Kh1 Qg7 27. Rg1 {#d}
1/2-1/2

[Event "17th Hampstead: U2200"]
[Site "Hampstead"]
[Date "2014.04.12"]
[Round "3"]
[White "Larios, Rafael"]
[Black "Balouka Myers, Reuben"]
[Result "0-1"]
[WhiteElo "1585"]
[BlackElo "1534"]

1. e4 e6 2. d4 d5 3. Nd2 dxe4 4. Nxe4 Nf6 5. Nxf6+ Qxf6 6. Nf3 h6 7. Bd3 Bd6
8. c3 Nd7 9. O-O O-O 10. Re1 b6 11. Be4 Rb8 12. Qa4 a5 13. Bc6 Rd8 14. Qc2 Bb7
15. Bxb7 Rxb7 16. Qe4 Rbb8 17. Ne5 Bxe5 18. dxe5 Qe7 19. Qg4 Kh8 20. Bf4 Nf8
21. Re3 Ng6 22. Bg3 Rd2 23. h4 Rxb2 24. h5 Nf8 25. f4 Qc5 26. Bf2 Nd7 27. Rf3
Qc6 28. Rg3 Rg8 29. Rd1 Rxa2 30. Rgd3 Nc5 31. Rd8 Ne4 32. Rxg8+ Kxg8 33. Bh4
Qxc3 34. f5 Qxe5 35. fxe6 Qxe6 36. Qf4 Nd6 37. Bd8 Rxg2+ {#R} 0-1

[Event "17th Hampstead: U2200"]
[Site "Hampstead"]
[Date "2014.04.13"]
[Round "4"]
[White "Villiers, Thomas"]
[Black "Jaunooby, Ali"]
[Result "0-1"]
[WhiteElo "2097"]
[BlackElo "2178"]

1. c4 e5 2. g3 Nc6 3. Bg2 g6 4. Nc3 Bg7 5. d3 d6 6. e4 Nd4 7. Be3 Be6 8. f3 h5
9. Nge2 h4 10. O-O Qd7 11. Bxd4 exd4 12. Nd5 hxg3 13. hxg3 Bh3 14. Ndf4 Bxg2
15. Nxg2 O-O-O 16. b4 f5 17. exf5 Qxf5 18. g4 Qe5 19. f4 Qe6 20. Ng3 Nf6 21.
g5 Nh5 22. Nxh5 Rxh5 23. f5 Qe5 24. f6 Qh2+ 25. Kf2 Rxg5 26. Qf3 Rf8 27. Ke2
Rxg2+ 28. Rf2 Rxf2+ 29. Qxf2 Qe5+ 30. Kd2 Rxf6 31. Qe2 Qe3+ 32. Kd1 Rf2 33.
Qxe3 dxe3 34. Rc1 e2+ 35. Kd2 Bh6+ 36. Ke1 Rf1+ {#R} 0-1

[Event "17th Hampstead: U2200"]
[Site "Hampstead"]
[Date "2014.04.13"]
[Round "4"]
[White "Dignam, Matthew"]
[Black "Kalavannan, Koby"]
[Result "1/2-1/2"]
[WhiteElo "2134"]
[BlackElo "1881"]

1. d4 Nf6 2. Nc3 g6 3. e4 d6 4. Nf3 Bg7 5. g3 O-O 6. Bg2 e5 7. O-O Nc6 8. d5
Ne7 9. h3 Nh5 10. a4 a6 11. Nh4 Qe8 12. Qd3 f5 13. Qc4 Qd8 14. exf5 gxf5 15.
Nf3 f4 16. g4 Nf6 17. Nxe5 dxe5 18. d6+ Kh8 19. dxe7 Qxe7 20. Re1 Ne8 21. Nd5
Qf7 22. Qc5 Be6 23. Nc3 f3 24. Bh1 h5 25. Rxe5 Bxe5 26. Qxe5+ Ng7 27. Bh6 hxg4
28. Bxg7+ Qxg7 29. Qxe6 g3 30. Qg4 g2 31. Bxg2 fxg2 32. Kxg2 Rf4 33. Qxg7+
Kxg7 34. f3 {#d} 1/2-1/2

[Event "17th Hampstead: U2200"]
[Site "Hampstead"]
[Date "2014.04.13"]
[Round "4"]
[White "Gaudeau, Valentin"]
[Black "Modica, Jake"]
[Result "1-0"]
[WhiteElo "1965"]
[BlackElo "2050"]

1. d4 Nf6 2. Nf3 d5 3. e3 e6 4. Bd3 c5 5. c3 Nc6 6. O-O Bd6 7. Nbd2 cxd4 8.
exd4 O-O 9. Re1 Qc7 10. Nf1 h6 11. Qe2 Nd7 12. Ne3 Re8 13. Nxd5 exd5 14. Qxe8+
Nf8 15. h3 Ne7 {#r} 1-0

[Event "17th Hampstead: U2200"]
[Site "Hampstead"]
[Date "2014.04.13"]
[Round "4"]
[White "Brozel, Sacha"]
[Black "Ilett, Raymond"]
[Result "1/2-1/2"]
[WhiteElo "1751"]
[BlackElo "1885"]

1. d4 Nf6 2. c4 e6 3. g3 d5 4. Bg2 c6 5. Nf3 Bd6 6. O-O Nbd7 7. b3 O-O 8. Bb2
Qc7 9. Nbd2 b6 10. Rc1 Bb7 11. Re1 Rac8 12. e3 Rfe8 13. Rc2 Qd8 14. Ne5 Bb4
15. a3 Bxd2 16. Qxd2 Nxe5 17. dxe5 Nd7 18. b4 Qc7 19. f4 dxc4 20. Rxc4 c5 21.
Bxb7 Qxb7 22. Rd1 Red8 23. Qd6 Qf3 24. Bc1 {#d} 1/2-1/2

[Event "17th Hampstead: U2200"]
[Site "Hampstead"]
[Date "2014.04.13"]
[Round "4"]
[White "Prior, Stephen"]
[Black "Sagues, Vincent"]
[Result "1-0"]
[WhiteElo "2052"]
[BlackElo "1898"]

1. e4 e6 2. d4 d5 3. Nc3 Bb4 4. e5 c5 5. a3 Bxc3+ 6. bxc3 Ne7 7. Qg4 O-O 8. h4
f5 9. Qg3 Nbc6 10. Ne2 Qa5 11. Bd2 Qa4 12. Nf4 Kh8 13. Nh5 Rf7 14. Bd3 c4 15.
Be2 Bd7 16. Ra2 Ng6 17. Bg5 Raf8 18. Nf4 Nxf4 19. Qxf4 Qa5 20. Rh3 Qb6 21. Qc1
Rc8 22. Rg3 Qc7 23. Bh5 Rff8 24. Bh6 Rg8 25. Bxg7+ Rxg7 26. Rxg7 Kxg7 27. Qg5+
Kh8 28. Qf6+ Kg8 29. Bf7+ Kf8 30. Bg6+ Kg8 31. Qf7+ {#r} 1-0

[Event "17th Hampstead: U2200"]
[Site "Hampstead"]
[Date "2014.04.13"]
[Round "4"]
[White "Carter, John"]
[Black "Rogers, Tim"]
[Result "0-1"]
[WhiteElo "1755"]
[BlackElo "1968"]

1. Nf3 d5 2. d4 Nf6 3. c4 e6 4. Nc3 Be7 5. Bg5 h6 6. Bh4 O-O 7. e3 b6 8. Be2
Bb7 9. Bxf6 Bxf6 10. cxd5 exd5 11. b4 c6 12. O-O a5 13. b5 c5 14. Rc1 Nd7 15.
dxc5 Nxc5 16. Nd4 Ne4 17. Na4 Rc8 18. Rxc8 Bxc8 19. Nc6 Qd6 20. Nxb6 Nc3 21.
Nxc8 Rxc8 22. Qd2 Qa3 23. Bg4 Rc7 24. Nd4 Bxd4 25. exd4 Nxb5 26. h4 Qa4 27.
Rd1 Nc3 28. Rc1 Ne4 29. Qe1 Rxc1 30. Qxc1 g6 31. Qb2 Kg7 32. h5 Qb4 33. Qxb4
axb4 34. hxg6 fxg6 35. Bd1 Kf6 36. Bb3 Ke6 37. Kf1 Nc3 38. f3 Nb5 39. Bc2 g5
40. Kf2 Nxd4 41. Bh7 Ke5 42. Ke3 Nb5 43. Kd3 h5 44. Bg6 h4 45. Be8 Nd4 46. Bg6
Ne6 47. Be8 Nf4+ 48. Kc2 Kd4 49. Kb3 Kc5 50. a4 bxa3 51. Kxa3 Nxg2 52. Bd7 Kc4
53. Kb2 Ne1 54. Bg4 Kd3 55. Kc1 Ke3 56. Be6 d4 {#R} 0-1

[Event "17th Hampstead: U2200"]
[Site "Hampstead"]
[Date "2014.04.13"]
[Round "4"]
[White "Davies, Cledwyn"]
[Black "Farzaliyev, Kanan"]
[Result "0-1"]
[WhiteElo "1727"]
[BlackElo "1924"]

1. e4 c5 2. Nf3 d6 3. Bb5+ Bd7 4. Bxd7+ Qxd7 5. d4 cxd4 6. Nxd4 Nf6 7. Nc3 g6
8. Bg5 Bg7 9. O-O Nc6 10. Nxc6 bxc6 11. f4 Ng4 12. Qd3 Qb7 13. Nd1 Qb6+ 14.
Kh1 h6 15. Bh4 g5 16. Bg3 gxf4 17. Bxf4 Be5 18. Ne3 Nxe3 19. Bxe3 Qxb2 20.
Rab1 Qxa2 21. Rb7 Qe6 22. Rfb1 O-O 23. Bxa7 c5 24. Qa6 Bd4 25. Qc6 Rac8 26.
Qd5 Qxd5 27. exd5 Rce8 28. Rd7 f5 29. Re1 Rf7 30. Rb1 Kg7 31. Rbb7 Kf6 32. c4
Rg8 33. Bb6 Rfg7 34. Bd8 Rxg2 35. Bxe7+ Ke5 36. Bxd6+ Ke4 37. Re7+ Kd3 38. h4
Kxc4 39. Rb1 R2g4 40. Rc1+ Kxd5 41. Bg3 Rxg3 42. Kh2 Rg2+ 43. Kh1 R2g4 {#R}
0-1

[Event "17th Hampstead: U2200"]
[Site "Hampstead"]
[Date "2014.04.13"]
[Round "4"]
[White "Zhou, Yang-Jian"]
[Black "Landau, Jonathan"]
[Result "0-1"]
[WhiteElo "1730"]
[BlackElo "1921"]

1. Nf3 Nc6 2. d4 d5 3. c4 Bg4 4. cxd5 Bxf3 5. dxc6 Bxc6 6. Nc3 Nf6 7. Bg5 e6
8. e4 h6 9. Bxf6 Qxf6 10. Bb5 Bxb5 11. Nxb5 Bb4+ 12. Nc3 O-O-O 13. O-O Qxd4
14. Qc2 Bxc3 15. bxc3 Qc4 16. Rab1 Rd3 17. Qb2 Qxe4 18. Qa3 Kb8 19. Rb4 Qc6
20. Rfb1 b6 21. R4b3 Rhd8 22. Re1 Rd1 23. Rb1 Rxb1 24. Rxb1 Qd6 25. Qb3 Qd2
26. h3 Qe2 27. a4 Rd2 28. Rf1 Rb2 29. Qa3 c5 30. c4 e5 31. Qg3 g5 32. h4 f6
33. Qh3 g4 34. Qc3 Rc2 35. Qb3 Qxc4 36. Qe3 Qf4 37. Qd3 Rd2 38. Qh7 c4 39. a5
Qd4 40. a6 Qd7 41. Qh8+ Qd8 42. Qg7 Qc7 43. Qxf6 c3 44. Qh8+ Rd8 45. Qxh6 c2
46. h5 Qc4 47. Qc1 Qxf1+ {#R} 0-1

[Event "17th Hampstead: U2200"]
[Site "Hampstead"]
[Date "2014.04.13"]
[Round "4"]
[White "Millward, David"]
[Black "Jina, Taran"]
[Result "1/2-1/2"]
[WhiteElo "1900"]
[BlackElo "1724"]

1. e4 d5 2. exd5 Nf6 3. d4 Nxd5 4. Nf3 g6 5. c3 Bg7 6. Be2 O-O 7. O-O Bf5 8.
Na3 c6 9. Nc4 Nd7 10. Ne3 Nxe3 11. Bxe3 e5 12. dxe5 Nxe5 13. Nxe5 Qxd1 {#d}
1/2-1/2

[Event "17th Hampstead: U2200"]
[Site "Hampstead"]
[Date "2014.04.13"]
[Round "4"]
[White "Barasi, Paul"]
[Black "Anbukumar, Hajane"]
[Result "1-0"]
[WhiteElo "1854"]
[BlackElo "1648"]

1. d4 Nf6 2. Bg5 d5 3. Bxf6 exf6 4. e3 Bf5 5. Bd3 Bxd3 6. Qxd3 c6 7. Nf3 Bd6
8. O-O O-O 9. b3 Nd7 10. c4 dxc4 11. bxc4 c5 12. Nc3 b6 13. Rfd1 Be7 14. Nd5
Bd6 15. Qf5 g6 16. Qxd7 Qxd7 17. Nxf6+ Kg7 18. Nxd7 Rfd8 19. Nde5 f6 20. Nc6
Rac8 21. Nxd8 {#r} 1-0

[Event "17th Hampstead: U2200"]
[Site "Hampstead"]
[Date "2014.04.13"]
[Round "4"]
[White "Parry, Jacques"]
[Black "Karia, Rishul"]
[Result "1-0"]
[WhiteElo "1759"]
[BlackElo "1408"]

1. d4 Nf6 2. Nf3 d5 3. c4 e6 4. Nc3 c5 5. cxd5 exd5 6. Bg5 Be6 7. Bxf6 gxf6 8.
e3 c4 9. Qc2 Nc6 10. O-O-O Qd7 11. Bxc4 dxc4 12. d5 Nb4 13. dxe6 Nd3+ 14. Rxd3
Qxe6 15. Qa4+ Ke7 16. Nd5+ Kd8 17. Nf4+ cxd3 18. Nxe6+ fxe6 19. Rd1 Rc8+ 20.
Kb1 Rc6 21. Rxd3+ Bd6 22. Qxa7 Kc7 23. Rc3 e5 24. Rxc6+ Kxc6 25. Qa4+ Kd5 26.
e4+ Ke6 27. Qb3+ Ke7 28. Nh4 Kd7 29. Qxb7+ Bc7 30. Nf5 Rb8 31. Qd5+ Ke8 32.
Qe6+ Kd8 33. Ng7 Bb6 34. Qd6+ Kc8 35. Ne6 Bd4 36. Qc7# 1-0

[Event "17th Hampstead: U2200"]
[Site "Hampstead"]
[Date "2014.04.13"]
[Round "4"]
[White "Gribben, Chris"]
[Black "Bonafont, Philip R"]
[Result "0-1"]
[WhiteElo "1540"]
[BlackElo "2045"]

1. e4 c5 2. Nf3 d6 3. Bb5+ Bd7 4. Bxd7+ Nxd7 5. O-O Ngf6 6. Re1 e6 7. c4 Be7
8. Nc3 O-O 9. d4 cxd4 10. Nxd4 a6 11. b3 Rc8 12. Bb2 Qc7 13. f3 b6 14. Kh1
Rfd8 15. Rc1 Qb7 16. Qe2 Bf8 17. Red1 Ne5 18. Nc2 Rb8 19. Ne1 b5 20. cxb5 axb5
21. Nd3 Ned7 22. Rc2 Rdc8 23. Rdc1 Nc5 24. Nd1 Ncd7 25. Qd2 h6 26. Rxc8 Rxc8
27. Rxc8 Qxc8 28. Bxf6 Nxf6 29. Qc3 Qa6 30. Qc2 Qb6 31. a4 bxa4 32. bxa4 d5
33. N1f2 dxe4 34. Nxe4 Nxe4 35. fxe4 Qd4 36. Nf4 Qa1+ {#R} 0-1

[Event "17th Hampstead: U2200"]
[Site "Hampstead"]
[Date "2014.04.13"]
[Round "4"]
[White "Jekel, Wolfgang"]
[Black "Pepe, Salvatore"]
[Result "1-0"]
[WhiteElo "1809"]
[BlackElo "1696"]

1. d4 g6 2. e4 Bg7 3. Be3 d6 4. Qd2 h6 5. c4 Nd7 6. Nc3 e6 7. g3 Ne7 8. Bg2 a6
9. Nge2 f5 10. f3 e5 11. f4 exd4 12. Nxd4 Nb6 13. b3 c5 14. Nde2 Nc6 15. Rd1
Bf8 16. e5 Be6 17. exd6 Nd7 18. O-O Rc8 19. Rfe1 Qf6 20. Nd5 Qf7 21. Nc7+ Kd8
22. Nc3 Rxc7 23. dxc7+ Kxc7 24. Nd5+ Kc8 25. Bf2 Bg7 26. Qe2 Re8 27. Qf3 g5
28. Re2 g4 29. Qd3 Nd4 30. Bxd4 Bxd4+ 31. Kf1 Rd8 32. Rde1 Nf8 33. b4 Rd6 34.
bxc5 Bxc5 35. Qb3 b6 36. a4 a5 37. Qb5 Qa7 38. Qe8+ Rd8 39. Qc6+ Kb8 40. Rxe6
Nxe6 41. Rxe6 Qg7 42. Nf6 {#r} 1-0

[Event "17th Hampstead: U2200"]
[Site "Hampstead"]
[Date "2014.04.13"]
[Round "4"]
[White "Pride, Stephen"]
[Black "Ivanov, George"]
[Result "0-1"]
[WhiteElo "1784"]
[BlackElo "1701"]

1. d4 Nf6 2. Bg5 d5 3. e3 e6 4. Nd2 Bd6 5. f4 Nbd7 6. Bd3 c5 7. c3 a6 8. a4
Qc7 9. Ngf3 b6 10. Ne5 Bb7 11. Qf3 O-O 12. O-O h6 13. Bh4 Ne8 14. Qh5 Ndf6 15.
Qe2 Be7 16. Rad1 Nd6 17. Bc2 cxd4 18. exd4 b5 19. Rf3 b4 20. Rh3 bxc3 21. bxc3
a5 22. Bxf6 Bxf6 23. Qg4 Kh8 24. Ng6+ fxg6 25. Qxg6 Nf5 26. g4 Bxd4+ 27. Kh1
Rf6 28. Qh5 g6 29. Qg5 Kg7 30. Qxf6+ Bxf6 31. gxf5 d4+ 32. Kg1 Qxf4 33. fxe6
dxc3 34. Nf1 Bd4+ {#R} 0-1